| 000 | 01388cam a2200361 a 4500 | ||
|---|---|---|---|
| 999 |
_c29009 _d28980 |
||
| 001 | 16277527 | ||
| 003 | EG-ScBUE | ||
| 005 | 20201027100804.0 | ||
| 008 | 011016s1999 ua ab f b 010 0 eng d | ||
| 020 | _a9775996007 | ||
| 040 |
_aDLC _beng _erda _cDLC _dEG-ScBUE |
||
| 082 | 0 | 4 |
_a333.72 _bENV _222 |
| 245 | 0 | 0 |
_aEnvironment 2000 and beyond : _ba festschrift for Dr Mostafa K. Tolba on the occasion of his 75th birthday / _cpreface by Klaus Töpfer, executive director, UNEP ; edited by Ahmad K. Hegazy. |
| 246 | 3 | _aEnvironment two thousand and beyond | |
| 264 | 1 |
_aCairo, Egypt : _bICED, _c1999. |
|
| 300 |
_a442 pages, 8 pages of plates : _billustrations, maps ; _c24 cm |
||
| 336 |
_2rdacontent _atext _btxt |
||
| 337 |
_2rdamedia _aunmediated _bn |
||
| 338 |
_2rdacarrier _avolume _bnc |
||
| 504 | _aIncludes bibliographical references. | ||
| 650 | 7 |
_aSustainable development. _2BUEsh |
|
| 650 | 7 |
_aEnvironmental policy. _2BUEsh |
|
| 650 | 7 |
_aEconomic development _xEnvironmental aspects. _2BUEsh |
|
| 650 | 7 |
_aEnvironmental protection. _2BUEsh |
|
| 653 |
_bEENERGYY _cOctober2020 |
||
| 655 |
_vReading book _934232 |
||
| 700 | 1 |
_aHegazy, Ahmad K., _eeditor. |
|
| 700 | 1 | _aTolba, Mostafa Kamal. | |
| 700 | 1 |
_aTöpfer, Klaus, _d1938- |
|
| 906 |
_a7 _bcbc _corigres _d3 _encip _f20 _gy-gencatlg |
||
| 942 |
_2ddc _cBB |
||